Katastrofy chodia po jednej

Dva najmocnejšie štáty, USA a Čína, pevne sledujú kurz mierového budovania vlastného štátu a zvyšovanie vlastnej prosperity uprednostňujú pred akýmkoľvek iným cieľom. Prezident Obama sa snaží vyradiť USA zo všetkých globálnych záväzkov, ktoré by ho mohli zapojiť do konfrontácie s Čínou alebo Ruskom...

Descripción completa

Guardado en:
Detalles Bibliográficos
Autor principal: Johnson, Paul
Formato: Capítulo de libro
Lenguaje:eslovaco
Materias:
Etiquetas: Agregar Etiqueta
Sin Etiquetas, Sea el primero en etiquetar este registro!

MARC

LEADER 00000naa a2200000 4500
001 0200575
005 20231013091454.2
041 0 |a slo 
044 |a SK 
245 1 0 |a Katastrofy chodia po jednej  |c Paul Johnson 
520 |a Dva najmocnejšie štáty, USA a Čína, pevne sledujú kurz mierového budovania vlastného štátu a zvyšovanie vlastnej prosperity uprednostňujú pred akýmkoľvek iným cieľom. Prezident Obama sa snaží vyradiť USA zo všetkých globálnych záväzkov, ktoré by ho mohli zapojiť do konfrontácie s Čínou alebo Ruskom. Japonsko sa začalo vážne zaoberať svojou budúcnosťou v úlohe vojenskej mocnosti. V Európe sú nevyhnutné zmeny. 
610 2 0 |a politika medzinárodná 
610 2 0 |a vzťahy medzinárodné 
610 2 0 |a USA 
610 2 0 |a Čína 
610 2 0 |a Japonsko 
610 2 0 |a Európa 
610 2 0 |a Európska únia 
100 1 |a Johnson, Paul